000 00678nam a2200193Ii 4500
003 JO-AjNU
008 230605s9999||||xx |||||||||||||| ||und||
040 _aJO-AjNU
_bara
_erda
_cJO-AjNU
041 _aara
050 1 4 _aHB3634.3.M352.2009
100 3 _a الأردن . المجلس الأعلى للسكان,
_eauthor
_946104
245 0 0 _aالفرصة السكانية في الأردن : وثيقة سياسات
264 3 1 _aعمان: المجلس الاعلى للسكان، 2009
300 _a41ص
336 _atext
_btxt
_2rdacontent
337 _aunmediated
_bn
_2rdamedia
338 _avolume
_bnc
_2rdacarrier
650 4 _a الاردن -- السكان 
_946105
999 _aA20033
_c23601
_d23601